LIBRARY & INFORMATION CENTRE, KCAET, TAVANUR

ONLINE PUBLIC ACCESS CATALOGUE (OPAC)

DESIGN AND DEVELOPMENT OF A SELF- PROPELLED THREE ROW VERTICAL AXIS ROTARY PADDY WEEDER (Record no. 17598)

MARC details
000 -LEADER
fixed length control field 00413nam a22001217a 4500
003 - CONTROL NUMBER IDENTIFIER
control field OSt
082 ## - DEWEY DECIMAL CLASSIFICATION NUMBER
Classification number 630
088 ## - REPORT NUMBER
Report number P550
100 ## - MAIN ENTRY--AUTHOR NAME
Personal name MEGHA, P
-- PRAVITHA, P.
-- NAIR RITHUVARNYA, N. K
-- SURAJ, K. S
245 ## - TITLE STATEMENT
Title DESIGN AND DEVELOPMENT OF A SELF- PROPELLED THREE ROW VERTICAL AXIS ROTARY PADDY WEEDER
260 ## - PUBLICATION, DISTRIBUTION, ETC. (IMPRINT)
Place of publication Thavanur
Year of publication 2022
942 ## - ADDED ENTRY ELEMENTS (KOHA)
Koha item type Project Report
260 ## - PUBLICATION, DISTRIBUTION, ETC. (IMPRINT)
-- Kelappaji College of Agricultural Engineering and Technology
Holdings
Collection code Home library Current library Shelving location Full call number Accession Number Koha item type
Reference KAUAET KAUAET Reference1 630 P550 Project Report
free website counter